000 00709cam a22002054a 4500
020 _a0195120574
082 0 0 _a620.0023
_bKEM
_cN-01, P-149
100 1 _aKemper, John Dustin.
_940486
245 1 0 _aEngineers and their profession /
_cJohn D. Kemper, Billy R. Sanders.
250 _a5th ed.
260 _aNew York :
_bOxford University Press,
_c2001.
300 _axiv, 346 p. :
_bill. ;
_c24 cm.
526 _a0
_b0
_c0
_d620_002300000000000_KEM
650 0 _aEngineering.
650 0 _aMCE
_9379
700 1 _aSanders, Billy R.
_940487
856 4 1 _uhttp://www.loc.gov/catdir/enhancements/fy0610/00027882-t.html
856 4 2 _uhttp://www.loc.gov/catdir/enhancements/fy0610/00027882-d.html
942 _2ddc
_cBK
999 _c544761
_d544761